| 000 | 00529nam a2200169 i 4500 | ||
|---|---|---|---|
| 001 | 24553 | ||
| 003 | ES-MaACL | ||
| 005 | 20230906153054.0 | ||
| 007 | t| | ||
| 008 | 021217s1972 sp ||||1| spa d | ||
| 100 | 1 |
_aAngelergues, René. _921713 |
|
| 245 | 1 | 3 |
_aEl cerebro y sus ingógnitas / _cRené Angelergues ; [José María Claramunda, traducción]. |
| 260 |
_aBarcelona, etc. : _bBruguera, _c[1972] |
||
| 300 |
_a218 p. ; _c18 cm. |
||
| 700 | 1 |
_aClaramunda Bes, José María. _938998 |
|
| 852 |
_aES-MaACL _jC-52110 _bR.82876 |
||
| 999 |
_c24553 _d24553 |
||